000 00414nam a22001337a 4500
008 230605b xxu||||| |||| 00| 0 eng d
020 _a0852558708
082 _a320.9680
_bLOD
100 _cTom Lodge
245 _aBus Stop For Everyone
_bPolitics In South Africa {From Mandela to Mbeki}
260 _aKenilworth,CapeTown
_bDavid Philip,an Imprint of New Africa Books Ltd
_c2002
300 _aVI,314p
942 _2ddc
_cBK
999 _c230
_d230